Missing Word: Two-Word Songs Quiz Stats

 Plays Quiz Updated Feb 16, 2012

Support Sporcle.
Go Orange.
Score 0/15 Timer 03:00
0 Plays Today
Clue Song Title % Correct
___ hit wonderOne Time
92.3%
______, double, triple, home runSingle Ladies
90.1%
I'm too ____ for my shirtSexy Back
82.4%
The ___, the Bad, and the UglyGood Feeling
81.9%
Fox and the _____, a 1981 Disney movieHound Dog
76.3%
Michael Phelps won _____ place in the 100 m butterfly in 2008First Date
71.1%
______ with the StarsDancing Queen
69.1%
Big, ___ WolfBad Romance
60.9%
Clue Song Title % Correct
James Blunt debut song 'You're _________'Beautiful Day
60.9%
American Jazz singer ______ HolidayBillie Jean
58.7%
Trolls live _____ bridgesUnder Pressure
55.9%
____ from New York, it's Saturday Night!Live Wire
51.8%
Baby_______ (teenage job)Sitting Still
33.3%
The _____ HouseWhite America
27.9%
Spring, Summer, Fall, ______Winter Winds
24%

Today's Daily Dose

Missing Word
'80s Musicals

Word Ladder
Hereditary

Get the Picture
Food Names

From the Vault

'Late' Vocabulary

by triviahappy

No time to say hello, goodbye! I'm late, I'm late, I'm late!
Remove Ads.
Support Sporcle.
Get the best of Sporcle when you Go Orange. This ad-free experience offers more features, more stats, and more fun while also helping to support Sporcle. Thank you for becoming a member.

Show Comments

Extras

Top Quizzes Today


Score Distribution

Your Account Isn't Verified!

In order to create a playlist on Sporcle, you need to verify the email address you used during registration. Go to your Sporcle Settings to finish the process.

Report this User

Report this user for behavior that violates our Community Guidelines.

Details: